000 00488nam a2200181Ia 4500
005 20250508155333.0
008 008 250505s9999 xx 000 0 eng d
037 _aTextual
040 _aFEDL
_beng
_cFEDL
041 _aeng
_2eng
084 _a370.7, DEL
_qFEDL
245 0 _aOccupational monographs on courses and training facilities in Delhi
260 _c1967
300 _a171p.
650 _aEducation
942 _cTEXL
_h370.7, DEL
999 _c1356155
_d1356155